header

The psychophysical ear (Record no. 50744)

MARC details
000 -LEADER
fixed length control field 01635nam a2200385Ia 4500
082 04 - DEWEY DECIMAL CLASSIFICATION NUMBER
Classification number 612.8/54
100 1# - MAIN ENTRY--AUTHOR NAME
Personal name Hui, Alexandra,
245 14 - TITLE STATEMENT
Title The psychophysical ear
260 ## - PUBLICATION, DISTRIBUTION, ETC. (IMPRINT)
Place of publication Cambridge, Mass. :
Name of publisher MIT Press,
Year of publication c2013.
300 ## - PHYSICAL DESCRIPTION
Number of Pages xxii, 233 p. :
Other physical details ill.
490 1# - SERIES STATEMENT
Series statement Transformations : studies in the history of science and technology
650 #0 - SUBJECT ADDED ENTRY--TOPICAL TERM
Topical Term Psychoacoustics
Topical Term Psychoacoustics
Topical Term Sound
Topical Term Sound
Topical Term Avant-garde (Music)
Topical Term Avant-garde (Music)
856 40 - ELECTRONIC LOCATION AND ACCESS
Uniform Resource Identifier http://site.ebrary.com/lib/rucke/Doc?id=10626206

No items available.

© 2026 Rongo University
Contact us: librarian | system librarian | Rongo university